000 00421nam a2200181Ia 4500
001 16141
005 20260306170247.0
008 260306t2011||||xx |||||||||||||| ||und||
041 _aESP
082 _a347
_bC35
100 _aCastro Reyes, Jorge A.
_eAUT
245 0 _aManual de derecho comercial
260 _c2011
300 _a869 páginas :
_c24
650 _aGEN
654 _aCAN
942 _cLIB
_dJUS
_fJUS
_2ddc
_n
999 _c16141
_d16141